Estadísticas para Geografía por Letra - R

Haz click aquí para tomar la prueba!

Estadísticas generales

  • Esta prueba ha sido tomada 2.161 veces
  • La puntuación promedio es 14 de 20

Estadísticas de respuestas

PistaRespuesta% Correcto
El país más grande del mundoRusia
99%
Transilvania es una región de este paísRumania
94%
Capital de LetoniaRiga
87%
Mes islámico de ayunoRamadán
85%
Kigali es su capitalRuanda
85%
Género musical de JamaicaReggae
80%
La ciudad eternaRoma
80%
Moneda de la respuesta anteriorRublo
79%
Capital de Arabia SauditaRiad
77%
Moneda de IndiaRupia
76%
El estado más pequeño de los Estados UnidosRhode Island
74%
Importante ciudad portuaria de los Países BajosRóterdam
73%
El río que pasa por Basilea y DüsseldorfRin
72%
Montaña con cuatro presidentes de EE.UU. tallados en su caraRushmore
72%
Ciudad de la playa de Ipanema y la montaña del CorcovadoRio de Janeiro
69%
Aerolínea irlandesa de bajo costoRyanair
67%
La religión jamaicana es conocida por el uso de la marihuanaRastafarismo
49%
Río cruzado por Julio CésarRubicón
33%
Capital de los Estados Confederados de AméricaRichmond
24%
Ciudad cerca de Durham y Chapel HillRaleigh
17%

Distribución de puntuación

Porcentaje por número respondido

Porcentaje de gente con cada puntuación

Historial de tus puntuaciones

No has tomado esta prueba